| 000 | 00795nam a22002055i 4500 | ||
|---|---|---|---|
| 001 | 162903 | ||
| 003 | ES-MaACL | ||
| 005 | 20250716010251.0 | ||
| 008 | 050707s1899 fr |||| | fre d | ||
| 040 |
_aCAM _bspa _cCAM |
||
| 100 | 1 |
_aRaillard, Célestin. _9131567 |
|
| 245 | 1 | 0 |
_aPierre Leroux et ses oeuvres _b: l'homme, le philosophe, le socialiste / _cpar Célestin Raillard. |
| 260 |
_aChateauroux : _b[s.n.], _c1899 ( _ftypographie et litographie P. Langlois et Cie.) |
||
| 300 |
_a186 p., [1] h. de lám. ; _c23 cm. |
||
| 600 | 1 | 7 |
_aLeroux, Pierre, _d1797-1871- _vBiografías _2 _9128895 |
| 600 | 1 | 7 |
_aLeroux, Pierre, _d1797-1871- _xCrítica e interpretación _2 _9128896 |
| 752 |
_aFrancia - _dChateauroux |
||
| 852 |
_aES-MaACL _jF-9460 _z-- Rúst. |
||
| 999 |
_c162903 _d162903 |
||